00392nam a2200133 a 450000500170000000800410001702000180005805000220007624500340009826000480013230000340018065000140021465000300022820140310183440.0080404s19uu xx 00 eng d a1-904994-02-4 aAG 243b.G87 2005 aGuinness world records 2006 / aU.S.A :bGuinness World Records Ltd,c2006. a287 p. :bcol. ill. ;c30 cm. aAlmanacs. aCuriosities and comedies.